Statistics for Landlocked U.S. States Map Quiz

Click here to take the quiz!

General Stats

  • This quiz has been taken 84 times
  • The average score is 25 of 27

Answer Stats

Answer % Correct
Nevada
97%
Colorado
97%
Illinois
97%
North Dakota
96%
Tennessee
96%
New Mexico
96%
Pennsylvania
96%
Idaho
96%
Michigan
96%
South Dakota
96%
Oklahoma
94%
Kansas
94%
Montana
94%
Minnesota
94%
Vermont
94%
Wisconsin
94%
West Virginia
94%
Utah
93%
Arkansas
91%
Ohio
91%
Missouri
91%
Iowa
91%
Nebraska
91%
Arizona
90%
Indiana
90%
Wyoming
90%
Kentucky
90%

Score Distribution

Percentile by Number Answered

Percent of People with Each Score

Your Score History

You have not taken this quiz